Open Data Biblioteca Nacional de Portugal


República Portuguesa: Ministério da Cultura
Biblioteca Nacional de Portugal

Catálogo da BNP: acesso por Identificadores Unívocos
Registos Bibliográficos associados ao registo de autoridade

Etiqueta de registo: 00719cam 2200217 450
001 1058522
003 http://id.bnportugal.gov.pt/bib/catbnp/1058522
005 20011110153200.0
100 ## $a20010606d1999 k y0pory0103 ba
101 0# $apor$dfre
102 ## $aPT
105 ## $ay m 001yy
106 ## $ar
200 1# $a A (ir)racionalidade pedagógica no ensino da mecânica$bTexto policopiado]$fCarlos Manuel Veiga Araújo Sambade
210 #9 $aBraga$c[s.n.],$d1999
215 ## $a264 f.$d30 cm$ecurriculum vitae (5 f.)
320 ## $aBibliografia, f. 194-223
328 ## $aTese mestr. Educação, Univ. do Minho, 1999
675 ## $a621.7(043)$vBN$zpor$31274446
675 ## $a37(043)$vBN$zpor$3480091
700 #1 $aSambade,$bCarlos,$f1952-$31007825
801 #0 $aPT$bBN$gRPC
966 ## $lBN$mFGMON$sS.A. 97538 V.$x1

Etiqueta de registo: 00000nam 2200025 450
001 1978517
003 http://id.bnportugal.gov.pt/bib/catbnp/1978517
010 ## $a978-989-8342-97-3
021 ## $aPT$b428945/17
100 ## $a20171215d2017 m y0pory01030103ba
101 0# $apor
102 ## $aPT
105 ## $aa z 000gy
106 ## $ar
200 1# $aTrabalhar o boneco$fCarlos Sambade
210 #9 $a[S.l.]$cLema d'Origem,$d2017
215 ## $a201, [4] p.$cil.$d20 cm
225 2# $aPoiesis
675 ## $a821.134.3-1"20"$vBN$zpor$31023893
700 #1 $aSambade,$bCarlos,$f1952-$31007825
801 #0 $aPT$bBN$gRPC
856 41 $uhttp://rnod.bnportugal.gov.pt/ImagesBN/winlibimg.aspx?skey=&doc=1978517&img=102535&save=true
900 ## $aBIBNAC$d20180102
966 ## $lBN$mFGMON$sL. 113844 P.$x1
966 ## $lBN$mFGMON$sL. 113844 P.-D$x1

OpendataBNP@bnportugal.pt | Mais informação sobre acesso aos dados BNP